ბათუმის შოთა რუსთაველის სახელმწიფო უნივერსიტეტის ბიბლიოთეკა

საქართველოს დემოკრატიული რესპუბლიკა 1918-1921 / (ბიბ.ჩანაწერი № 57053)

000 -ლიდერი
ფიქსირებული სიგრძის საკონტროლო ველი 01871nam a22002657a 4500
003 - საკონტროლო ნომრის იდენტიფიკატორი
საკონტროლო ველი Ge_BSU
005 - ბოლო ოპერაციის თარიღი და დრო
საკონტროლო ველი 20210211130653.0
008 - ფიქსირებული სიგრძის მონაცემთა ელემენტები - ზოგადი ინფორმაცია
ფიქსირებული სიგრძის საკონტროლო ველი 191101s2018 ||||| |||| 00| 0 geo d
020 ## - წიგნის საერთაშორისო სტანდარტული ნომერი
International Standard Book Number 978994180055
041 ## - ენის კოდი
Language code of text/sound track or separate title geo
080 ## - უნივერსალური ათობითი კლასიფიკაციის ინდექსი
Universal Decimal Classification number 94(494(479.22)"1918-1921:323(479.22):351(479.22) ჯ 20
100 ## - მთავარი ჩანაწერი - პიროვნების სახელი
Personal name ჯანელიძე,ოთარ.
9 (RLIN) 5207
245 ## - ცნობა სათაურის შესახებ
Title საქართველოს დემოკრატიული რესპუბლიკა 1918-1921 /
Statement of responsibility, etc სარედ.კოლეგია : მიხეილ წერეთელი ; მიხეილ ბახტაძე ; ეკატერინე გამყრელიძე ; ნათია ხულუზაური .
264 ## - წარმოების, გამოცემის, დისტრიბუციის და სხვა ცნობები
გამოცემის, წარმოების, დისტრიბუციის... ადგილი თბილისი :
გამოცემის, წარმოების, დისტრიბუციის... სახელწოდება საქართველოს ეროვნული მუზეუმი,
გამოცემის, წარმოების, დისტრიბუციის... თარიღი 2018.
300 ## - ფიზიკური აღწერა
Extent 96 გვ .:
Other physical details ილ ; ფოტოები ;
Dimensions 20 სმ.
500 ## - ზოგადი შენიშვნა
General note 100 წელი საქართველოს პირველი დემოკრატიული რესპუბლიკის დაარსებიდან
653 ## - INDEX TERM--UNCONTROLLED
Uncontrolled term ისტორია
653 ## - INDEX TERM--UNCONTROLLED
Uncontrolled term საშინაო პოლიტიკა
653 ## - INDEX TERM--UNCONTROLLED
Uncontrolled term სახელმწიფოს ადმინისტრაციული მართველობა
700 ## - ADDED ENTRY--PERSONAL NAME
Personal name წერეთელი, მიხეილ
Relator term სარედაქციო .კოლეგია
9 (RLIN) 5208
700 ## - ADDED ENTRY--PERSONAL NAME
Personal name ბახტაძე, მიხეილ
Relator term სარედაქციო .კოლეგია
9 (RLIN) 2381
700 ## - ADDED ENTRY--PERSONAL NAME
Personal name გამყრელიძე, ეკატერინე
Relator term სარედაქციო .კოლეგია
9 (RLIN) 3463
700 ## - ADDED ENTRY--PERSONAL NAME
Personal name ხულუზაური, ნათია
Relator term სარედაქციო .კოლეგია
9 (RLIN) 5209
942 ## - ADDED ENTRY ELEMENTS (KOHA)
Source of classification or shelving scheme
Koha item type წიგნი
ეგზემპლარები
ჩამოწერის სტატუსი დაკარგული ეგზემპლარის სტატუსი კლასიფიკაციის წყარო ან თაროზე გაწყობის სქემა დაზიანების სტატუსი არ გაიცემა მუდმივი მდებარეობა (დაცვის ადგილი) ამჟამინდელი ადგილსამყოფელი თაროზე განთავსების ადგილი შეძენის თარიღი ღირებულება, შესყიდვის ნორმალური ფასი სრული შენახვის შიფრი შტრიხკოდი ბოლო ოპერაციის თარიღი ეგზემპლარის მიმდევრობითი ნომერი (კეტერი?) ფასის ძალაში შესვლის თარიღი ეგზემპლარის სახეობა საჯარო შენიშვნა
          ბათუმის შოთა რუსთაველის სახელმწიფო უნივერსიტეტის მთავარი ბიბლიოთეკა ბათუმის შოთა რუსთაველის სახელმწიფო უნივერსიტეტის მთავარი ბიბლიოთეკა წიგნსაცავი 2019-11-01 20.00 94(494(479.22) 59083 2019-11-01 59083 2019-11-01 წიგნი 20.00
          ბათუმის შოთა რუსთაველის სახელმწიფო უნივერსიტეტის მთავარი ბიბლიოთეკა ბათუმის შოთა რუსთაველის სახელმწიფო უნივერსიტეტის მთავარი ბიბლიოთეკა წიგნსაცავი 2019-11-01 20.00 94(494(479.22) 59084 2019-11-01 59084 2019-11-01 წიგნი 20.00